| 000 | 00390nam a2200157Ia 4500 | ||
|---|---|---|---|
| 008 | 230524s9999 xx 000 0 und d | ||
| 082 |
_a621.902 _bJUN |
||
| 100 | _aB.L.Juneja | ||
| 245 | 0 | _aFundamentals of Metal Cutting and Machine Tools | |
| 250 | _a1ST | ||
| 260 |
_aCALCUTTA _bNAI _c2001 |
||
| 300 | _aVIII;462 | ||
| 500 | _aQuantity Number: 4 | ||
| 650 | _aMechanics | ||
| 942 | _cBK | ||
| 999 |
_c13749 _d13749 |
||